Bio-gas technology: a study of community bio-gas plant (Record no. 356161)

000 -LEADER
fixed length control field 00485cam a22001697a 4500
003 - CONTROL NUMBER IDENTIFIER
control field OSt
005 - DATE AND TIME OF LATEST TRANSACTION
control field 20210803113926.0
008 - FIXED-LENGTH DATA ELEMENTS--GENERAL INFORMATION
fixed length control field 180718b1986 xxu||||| |||| 00| 0 eng d
082 ## - DEWEY DECIMAL CLASSIFICATION NUMBER
Classification number Y26x5441 V519
100 ## - MAIN ENTRY--PERSONAL NAME
Personal name Veena, D.R.
9 (RLIN) 26253
245 ## - TITLE STATEMENT
Title Bio-gas technology: a study of community bio-gas plant
Statement of responsibility, etc by D.R. Veena
260 ## - PUBLICATION, DISTRIBUTION, ETC. (IMPRINT)
Place of publication, distribution, etc New Delhi
Date of publication, distribution, etc 1986
300 ## - PHYSICAL DESCRIPTION
Extent 94p.
650 ## - SUBJECT ADDED ENTRY--TOPICAL TERM
Topical term or geographic name as entry element Bio-gas - India - Gujarat
9 (RLIN) 26254
650 ## - SUBJECT ADDED ENTRY--TOPICAL TERM
Topical term or geographic name as entry element Energy resources - India - Gujarat
9 (RLIN) 26255
942 ## - ADDED ENTRY ELEMENTS (KOHA)
Source of classification or shelving scheme
Holdings
Withdrawn status Lost status Damaged status Koha normalized classification for sorting Not for loan Permanent location Current location Date acquired Full call number Barcode Date last seen Price effective from Koha item type Source of classification or shelving scheme
      Y_26X5441_V519   Indian Institute of Public Administration Indian Institute of Public Administration 1994-01-03 Y26x5441 V519 61702 2018-07-21 2018-07-21 Book  
      TNC_Y26X5441_V519   Indian Institute of Public Administration Indian Institute of Public Administration 2021-07-06 TNC Y26x5441 V519 GR23551 2021-07-06 2021-07-06 GR  

Powered by Koha